| 000 | 00361nam a22001337a 4500 | ||
|---|---|---|---|
| 005 | 20241024101128.0 | ||
| 008 | 241024b |||||||| |||| 00| 0 eng d | ||
| 020 | _a9789350350942 | ||
| 100 |
_aKUMA H.L. _d2011 |
||
| 245 |
_aEmployer's Rights under Labour Law/ _hText |
||
| 300 |
_axlvi, 306pages. _bSubject index _c20cm |
||
| 650 | _2Labour Law | ||
| 942 |
_2lcc _cBK _n0 |
||
| 999 |
_c163 _d163 |
||